[Event "CRO-chT2 Center 25th"]
[Site "Croatia"]
[Date "2016.04.17"]
[Round "5.41"]
[White "Livaic, Leon"]
[Black "Makaj, Marko"]
[Result "1-0"]
[WhiteElo "2380"]
[BlackElo "2352"]
[PlyCount "91"]
[EventDate "2016.03.13"]
[EventType "team-tourn"]
[EventRounds "11"]
[EventCountry "CRO"]
[SourceTitle "EXT 2019"]
[Source "ChessBase"]
[SourceDate "2018.10.10"]
[SourceVersion "1"]
[SourceVersionDate "2018.10.10"]
[SourceQuality "1"]

1. d4 d6 2. c4 g6 3. Nc3 Bg7 4. e4 e5 5. Nge2 Nc6 6. d5 Nce7 7. Ng3 c5 8. Bd3 h5 9. h4 Bg4 10. Qc2 Bh6 11. b4 Bxc1 12. Rxc1 b6 13. bxc5 bxc5 14. Rb1 Bd7 15. Qd2 Nh6 16. Be2 f5 17. f4 Nf7 18. 0-0 0-0 19. Rb3 fxe4 20. fxe5 Nxe5 21. Rxf8+ Qxf8 22. Ncxe4 Nf5 23. Qg5 Kh8 24. Nf6 Qg7 25. Nxf5 Bxf5 26. Rb7 Bd7 27. Nxd7 Nxd7 28. Bxh5 Qd4+ 29. Kh2 Qe5+ 30. Qxe5+ Nxe5 31. Be2 Rf8 32. Kg3 Rf7 33. Rxf7 Nxf7 34. Kf4 Kg7 35. h5 gxh5 36. Kf5 h4 37. Ke6 Kg6 38. Bd3+ Kg7 39. Ke7 Ne5 40. Be2 Nf7 41. Bh5 Ne5 42. Kxd6 Nxc4+ 43. Kxc5 Ne3 44. d6 Kf6 45. Kc6 Ke6 46. Bf3 1-0

[Event "CRO-chT2 Center"]
[Site "Croatia"]
[Date "2015.10.18"]
[Round "10.61"]
[White "Zecevic, Dean"]
[Black "Makaj, Marko"]
[Result "1/2-1/2"]
[WhiteElo "2244"]
[BlackElo "2368"]
[PlyCount "29"]
[EventDate "2015.03.22"]
[EventType "team-tourn"]
[EventRounds "11"]
[EventCountry "CRO"]
[SourceTitle "EXT 2016"]
[Source "ChessBase"]
[SourceDate "2015.10.08"]
[SourceVersion "1"]
[SourceVersionDate "2015.10.08"]
[SourceQuality "1"]

1. e4 e5 2. Nf3 Nc6 3. Bb5 a6 4. Ba4 b5 5. Bb3 Nf6 6. 0-0 Be7 7. Re1 0-0 8. c3 d6 9. h3 Re8 10. Ng5 Rf8 11. Nf3 Re8 12. Ng5 Rf8 13. Nf3 Re8 14. Ng5 Rf8 15. Nf3 1/2-1/2

[Event "CRO-chT2 Center 23rd"]
[Site "Grubisno Polje"]
[Date "2014.03.02"]
[Round "2.4"]
[White "Makaj, Marko"]
[Black "Ivekovic, Zvonimir"]
[Result "1/2-1/2"]
[WhiteElo "2359"]
[BlackElo "2367"]
[PlyCount "76"]
[EventDate "2014.03.02"]
[EventType "team-match"]
[EventRounds "11"]
[EventCountry "CRO"]
[SourceTitle "EXT 2016"]
[Source "ChessBase"]
[SourceDate "2015.10.08"]
[SourceVersion "1"]
[SourceVersionDate "2015.10.08"]
[SourceQuality "1"]

1. Nf3 c5 2. c4 Nf6 3. Nc3 e6 4. g3 Be7 5. Bg2 0-0 6. 0-0 d5 7. cxd5 exd5 8. d4 Nc6 9. dxc5 Bxc5 10. Na4 Be7 11. Be3 Be6 12. Nc5 Bg4 13. Rc1 b6 14. Nb3 Rc8 15. h3 Bh5 16. Nbd4 Nxd4 17. Bxd4 Rxc1 18. Qxc1 Qd7 19. g4 Bg6 20. Ne5 Qa4 21. Nxg6 hxg6 22. Bxf6 Bxf6 23. Bxd5 Qb5 24. Bc4 Qxb2 25. Qxb2 Bxb2 26. Rb1 Ba3 27. Rb3 Be7 28. Rd3 Rd8 29. Rf3 Rf8 30. Bb3 Bf6 31. e4 g5 32. Rf5 Be7 33. Kg2 g6 34. Rf3 Kg7 35. Rc3 Bc5 36. Rd3 Re8 37. Rd7 Re7 38. Rxe7 Bxe7 1/2-1/2

[Event "CRO-chT2 Center 22nd"]
[Site "Sisak"]
[Date "2013.10.20"]
[Round "11.5"]
[White "Bertusi, Misel"]
[Black "Makaj, Marko"]
[Result "0-1"]
[WhiteElo "2000"]
[BlackElo "2365"]
[PlyCount "76"]
[EventDate "2013.04.14"]
[EventType "team-tourn"]
[EventRounds "11"]
[EventCountry "CRO"]
[SourceTitle "EXT 2016"]
[Source "ChessBase"]
[SourceDate "2015.10.08"]
[SourceVersion "1"]
[SourceVersionDate "2015.10.08"]
[SourceQuality "1"]

1. e4 g6 2. d4 Bg7 3. c3 d6 4. f4 c6 5. Nf3 d5 6. e5 Nh6 7. Na3 0-0 8. Be2 Na6 9. Nc2 Nc7 10. 0-0 f6 11. Bd3 Ne6 12. Nh4 fxe5 13. fxe5 c5 14. Rxf8+ Nxf8 15. Be2 cxd4 16. cxd4 Nf5 17. Nxf5 Bxf5 18. Ne3 Be4 19. Bf3 Ne6 20. Bxe4 dxe4 21. Qb3 Qd7 22. Bd2 Kh8 23. Bc3 Nxd4 24. Rd1 Bxe5 25. Kh1 Bg7 26. Qf7 Qe6 27. Qxe6 Nxe6 28. Rd7 Bxc3 29. bxc3 Nc5 30. Rxe7 Rd8 31. h3 Rd7 32. Re5 b6 33. Ng4 Kg7 34. Kh2 h5 35. Ne3 Kf6 36. Re8 Rd3 37. Nc4 Rxc3 38. Nd6 Ra3 0-1